000 01175nam0a2200313 i 4500
001 RU\NLR\bibl\2045164
005 20240921200354.0
010 _a9785699641765
_95100
021 _aRU
_b2013-38612
_9249д/13
035 _a(NLR Aleph) 002032362
090 _a4556631
_c4556631
100 _a20130619d2013 u y0rusy50 ca
101 0 _arus
102 _aRU
105 _ay |||||||||
200 1 _aШтрафбаты просят огня. "За Днепром для нас земли нет!"
_e[роман]
_fРоман Кожухаров
210 _aМосква
_cЭксмо
_cЯуза
_d2013
215 _a285, [2] с.
_d21
225 1 _aОни сражались за Родину!
225 1 _aВойна
_iШтрафбат
_iОни сражались за родину
517 0 _aЗа Днепром для нас земли нет!
686 _aШ6(2=Р)8-440.4Вел.От.в.
700 1 _4070
_7ca
_8rus
_aКожухаров
_bР. Р.
_f1974-
_gРоман Романович
_9196914
_3RU\NLR\AUTH\770196965
801 0 _aRU
_bNLR
_c20130619
_gRCR
801 1 _aRU
_bNLR
_c20130619
942 _cBOOK
980 _aNBR